[Event "CHI-ch Absolute 2018"]
[Site "Santiago"]
[Date "2018.02.26"]
[Round "2"]
[White "Vergara Jofre, Felipe"]
[Black "Barria Zuniga, Daniel"]
[Result "1/2-1/2"]
[WhiteElo "2270"]
[BlackElo "2395"]
[Annotator "TA"]
[PlyCount "37"]
[EventDate "2018.??.??"]
[EventType "tourn"]
[EventCountry "CHI"]
[SourceTitle "playchess.com"]
[Source "ChessBase"]
[SourceQuality "1"]

{[%evp 22,37,28,30,38,32,25,28,21,19,24,13,18,9,14,17,16,0]} 1. e4 c5 2. Nf3 e6 3. d4 cxd4 4. Nxd4 a6 5. Bd3 Bc5 6. Nb3 Ba7 7. c4 Nc6 8. Qe2 {B42: Sicilian: Kan Variation: 5 Bd3} d6 9. Nc3 Nf6 10. O-O e5 11. Be3 O-O (11... Be6 12. Bxa7 Rxa7 13. Rfd1 O-O 14. Qe3 Qb8 15. Be2 b6 16. Rd2 Rd8 17. Rad1 Rb7 {1-0 (46) Safarli,E (2641)-Pantsulaia,L (2585) Kocaeli 2017}) 12. Bxa7 {LiveBook: 5 Games} Rxa7 13. Rad1 Be6 14. Qe3 Qb8 {[#]} 15. Be2 $146 ({Predecessor:} 15. Rd2 Rc8 16. Nd5 Nd7 17. Nb6 Nxb6 18. Qxb6 {0-1 (70) Petr,M (2511)-Vovk,A (2522) Olomouc 2010}) 15... b5 16. Nd5 Bxd5 {The position is equal.} 17. cxd5 Ne7 18. Na5 Rc7 19. Rc1 1/2-1/2

[Event "CHI-ch Absolute 2018"]
[Site "Santiago"]
[Date "2018.02.26"]
[Round "2"]
[White "Llorens Sepulveda, Marcelo"]
[Black "Abarca Gonzalez, Nicolas"]
[Result "0-1"]
[WhiteElo "2266"]
[BlackElo "2388"]
[Annotator "TA"]
[PlyCount "96"]
[EventDate "2018.??.??"]
[EventType "tourn"]
[EventCountry "CHI"]
[SourceTitle "playchess.com"]
[Source "ChessBase"]
[SourceQuality "1"]

{[%evp 19,96,0,0,0,0,0,0,0,0,-2,0,0,13,5,39,-9,10,0,0,-30,-2,-22,-27,-47,0,0,0,-17,0,-105,-106,-146,-158,-170,-100,-100,-109,-200,-93,-76,-68,-79,-57,-179,-180,-167,-149,-170,-174,-169,-137,-139,-98,-174,-126,-171,-129,-124,0,-170,-163,-193,-198,-275,-282,-378,-376,-428,-408,-428,-424,-568,-535,-563,-522,-1431,-818,-29991,-29992]} 1. e4 e5 2. Nf3 Nc6 3. Bb5 {[%cal Bf1b5,Bb5a4,Ba4b3][%mdl 32]} a6 4. Ba4 Nf6 5. Qe2 b5 6. Bb3 Bc5 7. a4 Rb8 8. axb5 axb5 9. O-O O-O {C77: Ruy Lopez: 3...a6 4 Ba4 Nf6, unusual lines} 10. d3 d6 {LiveBook: 12 Games} 11. Bg5 (11. Be3 Bg4 12. c3 Bxe3 13. Qxe3 Nd7 14. Nbd2 Nc5 15. Bc2 Ne6 16. d4 exd4 17. cxd4 {1-0 (67) Amin,B (2662)-Sanal,V (2474) Doha 2016}) 11... Bg4 {With the idea ...Nd4.The position is equal.} 12. c3 $1 h6 13. Be3 Bxe3 14. Qxe3 $146 ({Predecessor:} 14. fxe3 b4 15. Nbd2 bxc3 16. bxc3 Ra8 17. h3 {1-0 (35) Bisguier,A (2440)-Shapiro,O Las Vegas 1976}) 14... Re8 15. Nbd2 Nh5 16. Rfe1 Qd7 17. Nf1 Ra8 18. Rxa8 Rxa8 19. Nh4 Be6 20. Bd1 Nf4 21. d4 {next d5 is good for White.} Bc4 22. b3 Bxf1 23. Kxf1 b4 24. d5 (24. Nf5 $1 $11 {keeps the balance.}) 24... Ne7 $36 {[%mdl 2048] Black is on the roll.} 25. c4 g5 26. Qg3 Kf8 (26... Qc8 $19 27. Bc2 Qa6) 27. Bg4 gxh4 28. Qxh4 (28. Bxd7 $2 {is the wrong capture.} hxg3 29. hxg3 Nd3 $19) (28. Qxf4 $17 exf4 29. Bxd7) 28... Qd8 (28... Qe8 $1 $19 {...Kg7 is the strong threat.} 29. Qxh6+ Kg8 30. Qg5+ Neg6) 29. Qxh6+ Kg8 {[%cal Bf8g8,Bg8h7,Bh7h8][%mdl 32]} 30. g3 Nfg6 31. Re3 ({White should try} 31. h4 $15) 31... Qf8 $1 $19 32. Qg5 f6 33. Be6+ {[#]} Kh7 $1 34. Qg4 Qh6 35. h4 Kh8 36. Kg2 (36. Qd1 $17) 36... Ra1 {[%cal Ba8a1,Ba1c1,Bc1c3][%mdl 32]} 37. Bf7 Qg7 38. Be6 Qh6 39. Bf7 $1 {[#]} Nf8 $1 40. Be6 Qg6 41. Qh3 (41. Qxg6 {might work better.} Nfxg6 42. Rd3) 41... Rc1 42. Bd7 Rc3 {Hoping for ...Rxe3.} 43. Re1 Rxb3 44. h5 Qg5 45. Ra1 Ra3 46. Rb1 Ra2 47. Rb3 Ra1 {aiming for ...Qc1.} 48. Qg4 Qc1 {Precision: White = 36%, Black = 56%.} 0-1

[Event "CHI-ch Absolute 2018"]
[Site "Santiago"]
[Date "2018.02.26"]
[Round "2"]
[White "Fuentes Parra, Victor Ignacio"]
[Black "Garcia Cardenas, Pablo"]
[Result "0-1"]
[WhiteElo "2148"]
[BlackElo "2454"]
[Annotator "TA"]
[PlyCount "56"]
[EventDate "2018.??.??"]
[EventType "tourn"]
[EventCountry "CHI"]
[SourceTitle "playchess.com"]
[Source "ChessBase"]
[SourceQuality "1"]

{[%evp 11,56,1,2,-23,20,2,10,-23,0,0,0,-8,-16,-27,15,0,0,0,0,-133,-79,-133,-121,-165,-168,-139,-155,-246,-235,-268,-162,-218,-183,-424,-408,-595,-268,-297,-283,-296,-288,-409,-398,-29979,-784,-29979,-9421]} 1. d4 Nf6 2. Nf3 d5 3. e3 Bg4 4. b3 (4. c4 c6 5. cxd5 Bxf3 6. Qxf3 cxd5 7. Nc3 Nc6 8. Bd3 e6 9. O-O Rc8 10. Bd2 Bd6 11. Qh3 g6 12. f4 O-O 13. Be1 Be7 14. Rd1 Na5 {0-1 (44) Jussupow,A (2585)-Najer,E (2679) Tallinn 2016}) 4... e6 5. Bb2 c5 6. Nbd2 {D04: Colle System} Nc6 {LiveBook: 11 Games} 7. a3 Bd6 8. Be2 {The position is equal.} cxd4 9. exd4 Qc7 10. c4 O-O 11. O-O $146 ({Predecessor:} 11. c5 Bf4 12. g3 Bh6 13. h3 Bxf3 14. Nxf3 {½-½ (32) Stefanova,A (2516)-Omar,N (2314) Caleta 2013}) 11... dxc4 12. bxc4 Ne7 13. h3 Bh5 14. Ng5 Bg6 15. Bf3 (15. Ngf3 $11) 15... Bf4 $36 {[%mdl 2048] Black has strong initiative.} ({Better is} 15... Bh2+ 16. Kh1 Bf4) 16. h4 ({White should play} 16. Nge4) 16... Nf5 17. h5 {Hoping for Nge4.} Bxg5 18. hxg6 hxg6 {[%cal Bh7g6,Bg6g5,Bg5g4][%mdl 32]} 19. Be2 (19. c5 $17 {was necessary.}) 19... Rfd8 $19 20. Nf3 Bf4 {[%cal Bg5f4,Bf4e5,Be5h2][%mdl 32]} 21. Qb3 (21. Bd3 $142) 21... g5 {Threatens to win with ...g4.} 22. Rfd1 $2 (22. d5 {is a better defense.}) 22... g4 23. Ne5 (23. Rd3 $142 gxf3 24. Bxf3) 23... Nxd4 (23... g3 $142 24. Rab1 gxf2+ 25. Kxf2 Ne4+ 26. Kf3 Bxe5 27. Kxe4 {[#]} Bxd4 $1 {[%mdl 512]} 28. Bxd4 Qc6+ 29. Kf4 Qxg2) 24. Rxd4 Bxe5 25. Rxd8+ Rxd8 26. Rb1 (26. Bxe5 $142 Qxe5 27. Rd1 Rxd1+ 28. Qxd1) 26... Rd2 27. Bf1 $2 {[#]} (27. Bxe5 $19 Qxe5 28. Bf1) 27... Bh2+ 28. Kh1 Ne4 {Precision: White = 29%, Black = 62%.} 0-1

[Event "CHI-ch Absolute 2018"]
[Site "Santiago"]
[Date "2018.02.26"]
[Round "3"]
[White "Garcia Cardenas, Pablo"]
[Black "Aguirre Contreras, Cristian"]
[Result "1/2-1/2"]
[WhiteElo "2454"]
[BlackElo "2272"]
[Annotator "TA"]
[PlyCount "55"]
[EventDate "2018.??.??"]
[EventType "tourn"]
[EventCountry "CHI"]
[SourceTitle "playchess.com"]
[Source "ChessBase"]
[SourceQuality "1"]

{[%evp 20,55,16,18,15,9,37,24,32,15,40,54,36,25,25,33,33,24,29,22,35,23,32,8,0,9,22,0,0,0,0,0,0,0,0,0,0,0]} 1. d4 Nf6 2. c4 e6 3. Nc3 d5 4. cxd5 exd5 5. Bg5 Be7 6. e3 O-O 7. Bd3 Nbd7 8. Qc2 c6 9. Nge2 Re8 10. O-O h6 11. Bf4 {LiveBook: 21 Games} Bf8 {D36: Queen's Gambit Declined: Exchange Variation: Main line (5 Bg5 c6 6 Qc2)} (11... Nf8 12. a3 a5 13. f3 Nh5 14. Be5 f6 15. Bg3 Nxg3 16. Nxg3 Bd6 17. Rae1 Qc7 18. f4 Be6 19. Nf5 Bxf5 20. Bxf5 {1-0 (68) Nepomniachtchi,I (2720)-Naiditsch,A (2722) Dortmund 2015}) 12. h3 Qe7 13. Rab1 $146 ({Predecessor:} 13. Rae1 b6 14. a4 a6 15. a5 c5 16. axb6 c4 17. Bf5 Nxb6 18. Bxc8 Nxc8 19. Ra1 {1-0 (54) Shafi,D (2006)-Dabos Doukas,I (1799) Perth 2017}) 13... a5 {White has an edge.} 14. a3 Ne4 15. Bxe4 dxe4 16. Ng3 {[%cal Rc3e4]} g5 17. Bc7 {[%cal Rc3e4]} Nf6 18. Be5 Nd7 $1 19. Ncxe4 {[#] aiming for Nh5.} Nxe5 20. dxe5 Qxe5 21. f4 gxf4 {The position is equal.} 22. exf4 Qd4+ 23. Kh1 {Hoping for Rbd1.} Bf5 $1 {[%cal Rf5e4] [#]} 24. Nf6+ $1 {[%mdl 512]} Qxf6 25. Nxf5 Rad8 26. Rbd1 Rxd1 27. Rxd1 Rd8 {Strongly threatening ...Rxd1+.} 28. Rxd8 {Precision: White = 67%, Black = 81%.} 1/2-1/2

[Event "CHI-ch Absolute 2018"]
[Site "Santiago"]
[Date "2018.02.26"]
[Round "3"]
[White "Perez Gormaz, Matias"]
[Black "Henriquez Villagra, Cristobal"]
[Result "0-1"]
[WhiteElo "2410"]
[BlackElo "2501"]
[Annotator "TA"]
[PlyCount "98"]
[EventDate "2018.??.??"]
[EventType "tourn"]
[EventCountry "CHI"]
[SourceTitle "playchess.com"]
[Source "ChessBase"]
[SourceQuality "1"]

{[%evp 14,98,10,9,15,12,35,0,7,0,0,-19,30,0,18,-33,-33,-26,-27,-27,0,0,0,0,0,0,0,0,0,-20,-21,-37,25,27,41,0,48,71,85,72,80,70,62,60,73,64,53,0,0,-117,-119,-183,-187,-352,-107,-297,-268,-533,-223,-193,-85,-254,0,-49,-49,-254,-210,-311,-310,-268,-291,-358,-341,-503,-434,-394,-346,-843,-835,-781,-827,-833,-814,-1452,-1387,-1372,-1337]} 1. e4 c6 2. d4 d5 3. e5 Bf5 4. Be3 e6 5. Nd2 Nd7 6. Ngf3 h6 7. Be2 Ne7 8. O-O Bh7 {B12: Caro-Kann: Advance Variation} 9. Nb3 g5 (9... Qc7 10. Rc1 Nb6 11. Qd2 Nc4 12. Qc3 Nxe3 13. fxe3 Ng6 14. Qe1 Be7 15. c4 O-O 16. cxd5 exd5 {½-½ (70) Le Roux,J (2572)-Sumets,A (2595) Belgium 2016}) 10. Ne1 Nf5 {The position is equal.} 11. Bd2 Be7 12. Nd3 Qc7 13. Rc1 $146 ({Predecessor:} 13. a4 O-O-O 14. a5 f6 15. exf6 Bxf6 {1-0 (40) Onoprienko,V (2370)-Ovetchkin,R (2335) Kazan 1995}) 13... Nb6 14. Bh5 (14. Ba5 $11) 14... Nc4 $15 15. Be1 Ng7 16. Be2 h5 17. Nbc5 $36 {[%mdl 2048] White is more active.} b6 18. Na4 $1 Nf5 19. c3 Bg6 20. b3 Na3 21. Bd2 Kf8 22. Ra1 Qd8 ({Black should play} 22... c5 $1 $15) 23. Qc1 $11 Nb5 24. Nab2 Rc8 25. a4 Nbxd4 26. cxd4 Nxd4 27. Bd1 c5 28. Ne1 Nc6 29. f4 {[%cal Rf4g5]} g4 $1 30. Bc2 (30. Bc3 $1 $14) 30... Nd4 31. Bd1 {[#]} (31. Qd1 $11 {keeps the balance.}) 31... c4 $1 $17 {[%cal Rc4b3][%mdl 512]} 32. bxc4 (32. Be3 $17 Nxb3 33. Bxb3 cxb3 34. Qd1) 32... dxc4 $19 33. Qc3 $2 {[#]} (33. Kh1) 33... Nf5 $2 (33... Nb3 $1 $19 {[%mdl 512]} 34. Bxb3 cxb3 35. Qxb3 Qxd2) 34. Nc2 $2 (34. Bc2 $17) 34... Bc5+ $1 35. Rf2 $2 (35. Kh1 h4) (35. Be3 Nxe3 36. Nxe3) 35... Bxf2+ (35... Qh4 $142 36. Be3 g3 37. Bxc5+ Rxc5 38. hxg3 Nxg3) 36. Kxf2 {[#]} Kg7 (36... g3+ $1 $19 {[%mdl 512] has better winning chances.} 37. hxg3 h4) 37. Be2 $2 {[#]} (37. Ne3 $17) 37... Qd5 $2 (37... Qh4+ 38. Kg1 $11) ({Better is} 37... g3+ $1 $19 {[%mdl 512]} 38. hxg3 h4) 38. Rd1 a6 {[%cal Ba7a6,Ba6b5][%mdl 32]} 39. Kg1 $2 (39. Ne3 $1 $15 Qa8 40. Nxf5+ (40. Nbxc4 b5 $15) 40... Bxf5 41. Qb4 (41. Nxc4 b5 $17)) 39... b5 40. Be1 (40. Ne3 {might work better.} Qd4 41. Bf1) 40... Qe4 41. Bf1 h4 ({Don't play} 41... Qxf4 42. Bd2 $19) 42. axb5 axb5 43. Rd2 (43. Bd2 {is a better defense.} Ra8 44. Re1) 43... Rhd8 44. Re2 Qb7 ({But not} 44... Qxf4 45. Bd2 $19) 45. g3 $2 {[#]} (45. Ne3 b4 46. Qc1) 45... Rd3 $1 {[%mdl 512] Black is clearly winning.} 46. Nxd3 cxd3 47. Qxd3 Nxg3 {( -> ...Qh1+)} 48. Bg2 Bxd3 49. Bxb7 Nxe2+ {Precision: White = 28%, Black = 53%.} 0-1

[Event "CHI-ch Absolute 2018"]
[Site "Santiago"]
[Date "2018.02.26"]
[Round "3"]
[White "Barria Zuniga, Daniel"]
[Black "Salinas Herrera, Pablo"]
[Result "1/2-1/2"]
[WhiteElo "2395"]
[BlackElo "2453"]
[Annotator "TA"]
[PlyCount "31"]
[EventDate "2018.??.??"]
[EventType "tourn"]
[EventCountry "CHI"]
[SourceTitle "playchess.com"]
[Source "ChessBase"]
[SourceQuality "1"]

{[%evp 21,25,0,5,7,4,-5]} 1. d4 d5 2. c4 c6 3. Nf3 Nf6 4. Nc3 e6 5. Bg5 dxc4 6. a4 Bb4 7. e4 Qa5 8. Bd2 {D44: Semi-Slav: Botvinnik System} c5 9. Bxc4 cxd4 10. Nxd4 O-O 11. Qe2 (11. Nc2 Nc6 12. Nxb4 Qxb4 13. b3 Qe7 14. O-O Rd8 15. Re1 Ne5 {1-0 (60) Nakamura,H (2791)-Giri,A (2769) Saint Louis 2016}) 11... Rd8 {LiveBook: 3 Games} 12. Nb3 Qc7 13. e5 {[#]} {Predecessor:} Nd5 $146 14. O-O Nc6 15. f4 Nxc3 16. bxc3 {½-½ (70) Iturrizaga Bonelli,E (2628)-Arnold,M (2529) Philadelphia 2012} 1/2-1/2

[Event "CHI-ch Absolute 2018"]
[Site "Santiago"]
[Date "2018.02.26"]
[Round "3"]
[White "Lopez Silva, Hugo"]
[Black "Llorens Sepulveda, Marcelo"]
[Result "1-0"]
[WhiteElo "2389"]
[BlackElo "2266"]
[Annotator "RC"]
[PlyCount "69"]
[EventDate "2018.??.??"]
[EventType "tourn"]
[EventCountry "CHI"]
[SourceTitle "playchess.com"]
[Source "ChessBase"]
[SourceQuality "1"]
[TimeControl "5400+30"]

1. e4 {[%emt 0:11:41]} c5 {[%emt 0:00:24]} 2. Nf3 {[%emt 0:00:03]} Nc6 {[%emt 0:00:11]} 3. d4 {[%emt 0:00:02]} cxd4 {[%emt 0:00:11]} 4. Nxd4 {[%emt 0:00:06]} g6 {[%emt 0:00:10]} 5. Nc3 {[%emt 0:06:32]} Bg7 {[%emt 0:00:13]} 6. Be3 {[%emt 0:00:02]} Nf6 {[%emt 0:00:27]} 7. f3 {[%emt 0:05:41]} O-O {[%emt 0:00:20]} 8. g4 {[%emt 0:00:04]} d6 {[%emt 0:15:05]} 9. Qd2 {[%emt 0:02:41]} Bd7 {[%emt 0:00:28]} 10. O-O-O {[%emt 0:00:09]} Rc8 {[%emt 0:01:13]} 11. h4 {[%emt 0:06:40]} Ne5 {[%emt 0:00:21]} 12. Kb1 {[%emt 0:00:19]} Qa5 {[%emt 0:00:18]} 13. Nb3 {[%emt 0:00:06]} Qc7 {[%emt 0:00:16]} 14. Be2 {[%emt 0:00:02]} b5 {[%emt 0:00:24]} 15. h5 {[%emt 0:01:55]} b4 {[%emt 0:00:11]} 16. Nd5 {[%emt 0:00:42]} Nxd5 {[%emt 0:00:06]} 17. exd5 {[%emt 0:00:04]} a5 {[%emt 0:00:26]} 18. Nd4 {[%emt 0:05:09]} Nc4 {[%emt 0:38:14]} 19. Bxc4 {[%emt 0:01:13]} Qxc4 {[%emt 0:01:35]} 20. hxg6 {[%emt 0:44:06]} fxg6 {[%emt 0:00:52]} 21. Qh2 {[%emt 0:00:07]} h6 {[%emt 0:21:01]} 22. b3 {[%emt 0:06:28]} Qxd5 {[%emt 0:14:12]} 23. Nf5 {[%emt 0:01:26]} Qe5 {[%emt 0:00:22]} 24. Qxe5 {[%emt 0:01:54]} Bxe5 {[%emt 0:02:31]} 25. Nxe7+ {[%emt 0:00:06]} Kf7 {[%emt 0:00:07]} 26. Nxc8 {[%emt 0:00:08]} Rxc8 {[%emt 0:00:29]} 27. Rxh6 {[%emt 0:01:07]} Bc6 {[%emt 0:02:25]} 28. Rh3 {[%emt 0:01:24]} Ke6 {[%emt 0:00:21]} 29. f4 {[%emt 0:00:59]} Bf6 {[%emt 0:01:15]} 30. f5+ {[%emt 0:01:19]} gxf5 {[%emt 0:00:13]} 31. gxf5+ {[%emt 0:00:01]} Kxf5 {[%emt 0:00:54]} 32. Rxd6 {[%emt 0:02:31]} Be4 {[%emt 0:00:06]} 33. Rh2 {[%emt 0:00:21]} Be5 {[%emt 0:00:32]} 34. Rh5+ {[%emt 0:00:45]} Kg4 {[%emt 0:01:00]} 35. Rxe5 {[%emt 0:01:37]} 1-0

[Event "CHI-ch Absolute 2018"]
[Site "Santiago"]
[Date "2018.02.26"]
[Round "3"]
[White "Abarca Gonzalez, Nicolas"]
[Black "Fuentes Parra, Victor Ignacio"]
[Result "1-0"]
[WhiteElo "2388"]
[BlackElo "2148"]
[Annotator "TA"]
[PlyCount "98"]
[EventDate "2018.??.??"]
[EventType "tourn"]
[EventCountry "CHI"]
[SourceTitle "playchess.com"]
[Source "ChessBase"]
[SourceQuality "1"]

{[%evp 9,98,8,3,-7,1,-14,9,-16,-36,-27,32,10,0,-12,16,-22,51,-21,-26,-21,57,57,40,38,41,29,72,-9,177,197,229,0,0,0,110,64,64,65,63,63,50,25,112,25,50,34,37,38,81,50,124,0,122,122,122,122,122,122,125,126,129,120,122,119,183,177,210,218,202,175,204,204,247,231,241,235,255,259,545,221,731,720,743,743,743,742,741,734,693,713,1327]} 1. e4 e6 2. d4 d5 3. Nd2 Be7 4. e5 c5 5. Qg4 Kf8 6. dxc5 {C03: French Tarrasch: Unusual Black 3rd moves} Nc6 7. Ngf3 h5 (7... Bxc5 8. Nb3 Be7 9. Bd3 h5 10. Qf4 Nh6 11. O-O Kg8 12. Re1 Nb4 13. Nbd4 Nxd3 14. cxd3 {1-0 (32) Short,N (2646)-Forcen Esteban,D (2565) Madrid 2016}) 8. Qf4 {The position is equal.} g5 $1 {[%cal Rg5f4]} 9. Qe3 Qc7 (9... d4 $11 10. Qe2 g4) 10. h3 $146 ({Predecessor:} 10. Nb3 g4 11. Nfd4 Qxe5 12. Nxc6 Qxe3+ 13. Bxe3 bxc6 {1-0 (32) Van Eijk,S (2431)-Kollen,Z (2209) Dieren 2013}) 10... Nh6 11. g4 Nb4 12. Bd3 Rg8 (12... b6 $11) 13. Rg1 ({Better is} 13. Nb3 $14) 13... hxg4 $11 ({But not} 13... Qxc5 $6 14. Qxc5 Nxd3+ 15. cxd3 $16) 14. hxg4 Bxc5 (14... f5 $11 15. exf6 Bxf6) 15. Qe2 $1 $14 Bd7 16. Nb3 Be7 17. Nbd4 a6 18. c3 (18. Bd2 $16) 18... Nc6 $2 (18... Nxd3+ $11 {and Black is okay.} 19. Qxd3 f6) 19. Nxc6 $18 bxc6 20. Bxa6 $2 ({Only move:} 20. Rh1 $1 $18) 20... f6 $11 21. Bd3 Ra4 (21... Nf7 $11) 22. exf6 Bxf6 23. Be3 $36 {[%mdl 2048] Black is under pressure.} e5 24. Bc2 Rxg4 25. Bc5+ Kf7 (25... Be7 $11 26. Bxe7+ Kxe7) 26. O-O-O (26. Rh1 $16 Nf5 27. O-O-O (27. Rh7+ Rg7 $11)) 26... Rxg1 27. Rxg1 {Black must now prevent Nxe5+!} g4 28. Nd2 e4 29. Rh1 Nf5 {[#]} (29... Rg6 $14) 30. Bb3 ({White should play} 30. Nxe4 $1 $16 {[%mdl 512]} Qf4+ (30... dxe4 31. Bb3+) 31. Nd2) 30... Qf4 (30... Be6 $1 $11 {remains equal.}) 31. Qxe4 $1 $16 Bg5 32. Rh7+ Rg7 33. Rxg7+ Nxg7 {[#]} 34. Qxf4+ $1 Bxf4 35. a4 {[%cal Ba2a4,Ba4a5][%mdl 32]} Ne6 36. Bb6 Bd6 (36... Ke7 $16 37. a5 Bc8) 37. a5 $18 g3 38. fxg3 Bxg3 39. Ba4 {a6 is the strong threat.} Nc7 40. Nb3 Bf4+ 41. Kb1 Na8 42. Bc5 Bc7 43. Ka2 Bd8 $2 (43... Ke8 {was worth a try.} 44. a6 Bb6) 44. Ka3 (44. a6 $142) 44... Ke8 $2 (44... Nc7 45. Bb6 Be7+ 46. Ka2 Na8) 45. a6 {White is clearly winning.} Bb6 46. Kb4 Kd8 47. Nd4 Kc7 48. b3 Be8 49. Ne6+ Kd7 {Precision: White = 42%, Black = 35%.} 1-0

[Event "CHI-ch Absolute 2018"]
[Site "Santiago"]
[Date "2018.02.26"]
[Round "3"]
[White "Diaz Villagran, Robert"]
[Black "Vergara Jofre, Felipe"]
[Result "1-0"]
[WhiteElo "2317"]
[BlackElo "2270"]
[Annotator "TA"]
[PlyCount "51"]
[EventDate "2018.??.??"]
[EventType "tourn"]
[EventCountry "CHI"]
[SourceTitle "playchess.com"]
[Source "ChessBase"]
[SourceQuality "1"]

{[%evp 19,51,17,19,13,17,16,33,18,51,41,53,-6,0,0,0,8,8,7,43,34,43,40,272,250,853,887,844,820,1698,1641,2415,2349,29997,-433]} 1. e4 c5 2. Nf3 Nc6 3. c3 Nf6 4. e5 Nd5 5. d4 cxd4 6. Bc4 Nb6 7. Bb3 d5 8. exd6 e6 9. cxd4 Bxd6 10. O-O O-O 11. Qe2 {B22: Sicilian: 2 c3} (11. Nc3 Ne7 12. Qe2 Bd7 13. Ne5 Bxe5 14. dxe5 Bc6 15. Bg5 Qe8 16. Rad1 Nbd5 17. Rd3 Ng6 18. Bxd5 exd5 19. Re1 Qe6 {½-½ (51) Zhigalko,S (2656)-Andreikin,D (2720) Berlin 2015}) 11... Nd5 12. Nc3 b6 13. Qe4 $146 {Ng5 is the strong threat.White is slightly better.} ({Predecessor:} 13. Nxd5 exd5 14. Bg5 Be7 15. Bxe7 Nxe7 16. Rfe1 Nf5 17. Qe5 Be6 18. Bc2 g6 19. Rac1 Rc8 20. Bxf5 Bxf5 21. Rxc8 Bxc8 {½-½ (29) Pinski,J (2395)-Pyda,Z (2354) Kazimierz Dolny 2001}) 13... f5 14. Qe2 Nc7 15. Rd1 (15. d5 $14 Na5 16. Bg5) 15... Na5 $1 $11 16. Bc2 Ba6 17. Bd3 Bxd3 18. Rxd3 {[%cal Bd1d3,Bd3h3,Bh3g3,Bg3g6,Bg6g8][%mdl 32]} Qf6 19. Ne5 Rfd8 20. Bf4 $36 {[%mdl 2048] White is more active.} Bb4 $2 (20... Qe7 $14) 21. Qh5 $18 Be7 $2 (21... Bd6 22. Bg5 Qf8) 22. Rh3 h6 {[#]} 23. Bxh6 $1 {[%mdl 512] Hoping for Bf4.} gxh6 (23... Qxh6 24. Qf7+) 24. Rg3+ Kf8 25. Rg6 Qh4 {[#]} 26. Rg8+ $1 {[%mdl 33280] Precision: White = 75%, Black = 18%. . Loss on Time!?} 1-0

[Event "CHI-ch Absolute 2018"]
[Site "Santiago"]
[Date "2018.02.27"]
[Round "4"]
[White "Henriquez Villagra, Cristobal"]
[Black "Barria Zuniga, Daniel"]
[Result "1-0"]
[WhiteElo "2501"]
[BlackElo "2395"]
[Annotator "TA"]
[PlyCount "153"]
[EventDate "2018.??.??"]
[EventType "tourn"]
[EventCountry "CHI"]
[SourceTitle "playchess.com"]
[Source "ChessBase"]
[SourceQuality "1"]

{[%evp 20,153,74,54,55,39,69,45,38,61,59,77,54,27,36,33,35,32,28,32,89,54,54,51,56,51,49,38,41,26,41,21,63,12,8,31,19,27,29,23,33,29,45,12,56,29,56,56,64,56,56,56,63,22,69,65,88,60,58,54,85,86,75,68,81,66,85,85,84,84,89,84,91,94,95,84,84,84,85,85,91,79,126,122,147,140,129,118,133,122,134,142,183,185,167,0,208,186,175,194,177,122,149,105,176,173,204,240,345,383,339,247,318,393,399,384,374,366,395,372,550,544,572,568,512,475,1564,542,961,929,861,653,29971,29975,29975,29975]} 1. e4 c5 2. Nf3 e6 3. d4 cxd4 4. Nxd4 a6 5. Bd3 Bc5 6. Nb3 Ba7 7. O-O Nc6 8. Qg4 Nf6 9. Qxg7 Rg8 10. Qh6 Ne5 {[#] B42: Sicilian: Kan Variation: 5 Bd3} 11. Be2 $1 {LiveBook: 21 Games} d6 (11... Nxe4 12. Be3 Bb8 13. Nc3 Nf6 14. Bg5 Nfg4 15. Bxd8 Nxh6 16. Bb6 d5 17. Rfe1 Nf5 18. Nd4 {0-1 (33) Morozevich,A (2676)-Andreikin,D (2708) Sochi 2017}) 12. Bg5 Rg6 {White is slightly better.} 13. Qh4 h6 14. Bxf6 Qxf6 15. Qxf6 Rxf6 16. N1d2 Bd7 17. g3 $146 ({Find the theoretical novelty and annotate with similar games:} 17. Nc4 Nxc4 18. Bxc4 {½-½ (57) Syrov,A (2267)-Lanka,Z (2434) Kiel 2017}) 17... Rc8 18. Rac1 Ke7 19. Kg2 Rg6 (19... h5 $14) 20. c4 Rgg8 21. f4 Nc6 22. Nb1 Nd4 23. Nxd4 Bxd4 24. Rc2 b5 25. Rd1 Bb6 26. Kf1 (26. Rcd2 $14) 26... bxc4 $11 27. Rxc4 Rxc4 28. Bxc4 a5 29. Nc3 Bc6 30. Bb5 Bb7 31. Ke2 Rc8 32. e5 Rd8 33. Na4 Ba7 34. Rc1 {Rc7+ is the strong threat.} Bb8 35. exd6+ Bxd6 36. Bd3 Bd5 37. Nb6 Bb7 38. a3 Rb8 39. Rc2 Bd5 40. Nxd5+ exd5 $16 {[%mdl 4096] Endgame KRB-KRB} 41. Rd2 Ke6 42. Kd1 Be7 43. Be2 Bf6 44. Kc1 Rb3 45. Bg4+ Kd6 46. Bh5 Rb7 47. Bf3 Rb5 48. Kb1 Bg7 49. Ka2 Bf6 50. Be2 Rc5 51. Kb3 Rc1 52. Bf3 Rc5 53. Ka4 {aiming for b4.} d4 54. Be4 Bg7 55. Bd3 Bf6 56. Bb5 Kd5 57. Bd3 $2 ({Better is} 57. Kxa5 $18 {Black must now prevent a4.} Be7 58. Ka4) 57... Bg7 $2 (57... Kd6 $11 {and Black is okay.}) 58. Rd1 Bf6 59. Re1 Kd6 60. h4 (60. Re8 $18) 60... Kd5 61. Rh1 Kd6 (61... Be7 $16 62. Re1 Kd6) 62. g4 $18 Ke7 63. g5 hxg5 (63... Bg7 $142 64. Re1+ Kd7) 64. hxg5 ({Less strong is} 64. fxg5 Bh8 $18) 64... Bg7 65. Re1+ Kd6 66. Re8 f6 67. Rg8 Rc7 68. g6 Bh6 69. Rd8+ Kc5 (69... Ke7 $142) 70. b4+ axb4 71. axb4+ Kb6 72. Rd6+ Ka7 (72... Rc6 $142) 73. Rxd4 (73. b5 $142 {Hoping for b6+.} Kb7 74. Rxf6) 73... Rc3 74. f5 Kb6 75. Be4 Bc1 {[%csl Gc1][%cal Rc3a3]} 76. Rd6+ Kc7 {[#]} 77. g7 $1 {[%mdl 512] Precision: White = 58%, Black = 42%.} 1-0